000 00707nam a22001817a 4500
003 DO-SdBNP
005 20220715123232.0
007 ta
008 220714b |||||||| |||| 00| 0 eng d
040 _aDO-SdBNP
_bspa
_cBNPHU
082 4 _222
_a342.07
_bF727m
111 2 _aForo Permanente de Partidos Políticos de la República Dominicana
_n(4to :
_cMayo,Santo Domingo)
_d2017 :
_982006
245 1 0 _aMinisterio Público Electoral :
_bperseguir la infracción electorales y establecer régimen de consecuencias /
_cpreparado por Leonardo Suero, Máximo Richardson
246 _aCuadernos por la democracia
260 _aSanto Domingo :
_bFOPPPREDOM
_c[2017?].
300 _a50 p. :
_c21 cm
942 _2ddc
_cLF2
999 _c52180
_d52180